| 000 | 00408pab a2200157 454500 | ||
|---|---|---|---|
| 008 | 180718b2008 xxu||||| |||| 00| 0 eng d | ||
| 100 | _aPaserman, Daniel | ||
| 245 | _aJob search and hyperbolic discounting: structural estimation and policy evaluation | ||
| 260 | _c2008 | ||
| 300 | _ap.1418-452. | ||
| 362 | _aAug | ||
| 650 | _aEmployment | ||
| 773 | _aEconomic Journal | ||
| 908 | _aN | ||
| 909 | _a79551 | ||
| 999 |
_c79551 _d79551 |
||